Statistics for Geography by Letter -S

Click here to take the quiz!

General Stats

  • This quiz has been taken 77 times
  • The average score is 12 of 16

Answer Stats

HintAnswer% Correct
The most populous city in the Nordic countriesStockholm
98%
Russian RegionSiberia
97%
Largest island of Mediterranean sea.Sicily
97%
River that flows through ParisSeine
95%
Largest city in China by populationShanghai
94%
One of two New Zealand main islandsSouth Island
92%
One of the Great LakesSuperior
92%
Country bordering GambiaSenegal
90%
Capital of AndalusiaSeville
83%
Birthplace of Wolfgang Amadeus MozartSalzburg
79%
Canadian provinceSaskatchewan
78%
Large River connecting the Great Lakes with Atlantic OceanSaint Lawrence
68%
The largest peninsula in EuropeScandinavian Penninsula
60%
S in BRICSSouth Africa
33%
River that flows through Ljubljana, Zagreb and BelgradeSava
16%
The northernmost state of GermanySchleswig-Holstein
13%

Score Distribution

Percentile by Number Answered

Percent of People with Each Score

Your Score History

You have not taken this quiz